| 000 | 01201cam a22003013a 4500 | ||
|---|---|---|---|
| 001 | 3009 | ||
| 005 | 20240130143315.0 | ||
| 020 | _a9780439684002 | ||
| 040 |
_aSTM _cSTM _dDLC _beng |
||
| 050 | 0 | 0 | _aQB582.C65 |
| 082 | _a523.3 | ||
| 100 | 1 |
_aCole, Joanna _d1944-. |
|
| 245 | 1 | 4 |
_aThe Magic School Bus takes a moonwalk / _cwritten by Joanna Cole ; illustrations by Carolyn Bracken. |
| 250 | _aFirst printing, September 2004 | ||
| 260 |
_aNew York : _bScholastic, _c2004 |
||
| 300 |
_a28 unnumbered pages : _bcolor illustrations ; _c24 cm. |
||
| 490 | _a The Magic School Bus | ||
| 500 | _aBased on the Magic School Bus books written by Joanna Cole and illustrated by Bruce Degen [verso of t.p.]. | ||
| 500 | _aScholastic Reader, Level 2. | ||
| 505 | _aJ | ||
| 520 | _aMs. Frizzle's class is taking a special nighttime hayride to learn about the moon, but when a cloudy sky spoils the trip, everyone piles into the magic bus for a better view. | ||
| 521 |
_a490
_bLexile |
||
| 521 |
_aJ
_bRaz-Plus |
||
| 650 | 0 |
_aSchool field trips _vJuvenile fiction. |
|
| 700 | 1 |
_aBracken, Carolyn _eillustrator |
|
| 906 |
_a7 _bcbc _ccopycat _d3 _encip _f20 _gy-gencatlg |
||
| 942 |
_2ddc _cBK _n0 |
||
| 999 |
_c3009 _d3009 |
||